000 00435nam a2200169Ia 4500
008 230917s9999||||xx |||||||||||||| ||und||
020 _cRS 999.00
040 _e5001041
_aMAIN
041 _aEnglish
082 _a829.443 T129B
100 _aTagore, Rabindranath
245 0 _aBaaghbaan
260 _aNoida
_bHarperCollins
_c2016
300 _axviii, 169 p.
500 _a3878 20/12/2019 HBD19/8097 26/12/2019 Main Budget
942 _cBK
999 _c695
_d695